Short Track - Najlepsze Kraje na IO w XXI wieku - Statystyki

Ogólne statystyki
  • Ten quiz został rozwiązany 27 razy
  • Średni wynik to 8 z 10
Statystyki odpowiedzi
🥇 🥈 🥉 Odpowiedź % Poprawnych
19x 17x 9x Korea Południowa
100%
12x 10x 8x Chiny
96%
8x 4x 4x Holandia
96%
8x 11x 13x Kanada
93%
2x 5x 8x Stany Zjednoczone
93%
3x 2x 3x Rosja
89%
3x 7x 7x Włochy
89%
1x - - Australia
63%
2x - 2x Węgry
56%
- 2x 1x Bułgaria
26%
Nie znaleziono quizów pasujących do podanych kryteriów
Rozkład punktacji
Procent ludzi z każdym wynikiem
Percentyl według liczby udzielonych odpowiedzi
Twoja historia wyników
Nie rozwiązałeś tego quizu